000 01236 a2200253 4500
999 _c5329
_d5329
020 _a1412939496 (cloth)
020 _a141293902X (pbk.)
020 _a9781412939027
050 0 0 _aLC 4704 YSS 2006
100 1 _aYsseldyke, James E.
_eAuthor
245 1 0 _aTeaching students with learning disabilities:
_ba practical guide for every teacher /
_cJim Ysseldyke, Bob Algozzine
264 _aCarlifornia:
_bCorwin Press,
_c2006
300 _axii, 99 p. ;
_bill.
440 2 _aA practical approach to special education for every teacher ;
500 _aIncludes bibliographical references (p. 71-72) and index.
504 _aIncludes bibliographical references (p. 71-72) and index.
650 0 _aLearning of disabled children
_xEducation.
700 1 _aAlgozzine, Robert.
_eAuthor
856 4 1 _3Table of contents only
_uhttp://www.loc.gov/catdir/toc/ecip066/2005037825.html
856 4 2 _3Publisher description
_uhttp://www.loc.gov/catdir/enhancements/fy0664/2005037825-d.html
856 4 2 _3Contributor biographical information
_uhttp://www.loc.gov/catdir/enhancements/fy0734/2005037825-b.html
942 _2lcc
_cBK
_h4704
_iASS
_kLC